000 01804nam0a2200349 i 4500
001 RU\NLR\BIBL_A\010468484
005 20241103105336.0
010 _a9785691020636
_910000
021 _aRU
_b2014-53995
_93260
035 _a(NILC)RuMoRGB-007525122
035 _a(NLR Aleph) 010468484
090 _a10013703
_c10013703
100 _a20141001d2014 u y0rusy50 ca
101 0 _arus
102 _aRU
105 _aa|||j|||001yy
200 1 _aТехнология. Штукатурно-малярное дело
_eучебник для 5 класса специальных (коррекционных) общеобразовательных учреждений
_fС.В. Бобрешова
210 _aМосква
_cВЛАДОС
_d2014
215 _a167 с.
_cил., цв. ил.
_d22
225 1 _aКоррекционная педагогика
300 _aНа обл. подзаг.: 5-й класс: специальная (коррекционная) общеобразовательная школа
320 _aБиблиогр.: с. 161 (4 назв.)
517 1 _aШтукатурно-малярное дело
606 _aШтукатурные работы
_jУчебники для специальных (коррекционных) образовательных учреждений
_91228943
_3RU\NLR\AUTH\66182907
606 _aМалярные работы
_jУчебники для специальных (коррекционных) образовательных учреждений
_9888604
_3RU\NLR\AUTH\66675
686 1 _aН639я721-1
700 1 _aБобрешова
_bС. В.
_gСветлана Владимировна
801 0 _aRU
_bРГБ
_c20140724
_gRCR
942 _cBOOK
980 _aNBR